书目信息 |
| 题名: |
2006考研英语80分之路
|
|
| 作者: | 魏保生 主编 | |
| 分册: | 英语知识应用和写作 | |
| 出版信息: | 北京 科学出版社 2005.3 |
|
| 页数: | 335页 | |
| 开本: | 26cm | |
| 丛书名: | ||
| 单 册: | ||
| 中图分类: | H315 , H31 | |
| 科图分类: | ||
| 主题词: | 英语--ying yu--写作--研究生--入学考试--升学参考资料 , 写作--xie zuo , 英语--ying yu--研究生--入学考试--升学参考资料 | |
| 电子资源: | ||
| ISBN: | 7-03-015097-X | |
| 000 | 01058nam0 2200277 45 | |
| 001 | 012005000794 | |
| 005 | 20061229155015.89 | |
| 010 | @a7-03-015097-X@dCNY34.80 | |
| 100 | @a20050820d2005 em y0chiy0121 ea | |
| 101 | 0 | @achi@aeng |
| 102 | @aCN@b110000 | |
| 105 | @ay z 000yy | |
| 200 | 1 | @a2006考研英语80分之路@A2006 kao yan ying yu 80 fen zhi lu@i英语知识应用和写作@f魏保生主编 |
| 210 | @a北京@c科学出版社@d2005.3 | |
| 215 | @a335页@d26cm | |
| 304 | @a傲视鼎考试与辅导高分研究组编写 | |
| 330 | @a本书包含了58种题型中的26种, 分成勇夺英语知识应用(填空)题的8分、勇夺应用文写作的8分、勇夺短文写作的6分三篇, 每一章节都包括规律透视、得分诀窍、真题验证、实战演练、扫荡词汇五部分。 | |
| 517 | 1 | @a英语知识应用和写作@Aying yu zhi shi ying yong he xie zuo |
| 606 | 0 | @a英语@Aying yu@x写作@x研究生@x入学考试@j升学参考资料 |
| 606 | 0 | @a写作@Axie zuo |
| 606 | 0 | @a英语@Aying yu@x研究生@x入学考试@j升学参考资料 |
| 690 | @aH315@v4 | |
| 690 | @aH31@v4 | |
| 701 | 0 | @a魏保生@Awei bao sheng@4主编 |
| 801 | 0 | @aCN@c20061229 |
| 905 | @a10447@dH31@eW5751 | |
| 2006考研英语80分之路.英语知识应用和写作/魏保生主编.-北京:科学出版社,2005.3 |
| 335页;26cm |
| ISBN 7-03-015097-X:CNY34.80 |
| 本书包含了58种题型中的26种, 分成勇夺英语知识应用(填空)题的8分、勇夺应用文写作的8分、勇夺短文写作的6分三篇, 每一章节都包括规律透视、得分诀窍、真题验证、实战演练、扫荡词汇五部分。 |
| ● |
| 相关链接 |
|
|
|
正题名:2006考研英语80分之路
索取号:H31/W5751
 
预约/预借
| 序号 | 登录号 | 条形码 | 馆藏地/架位号 | 状态 | 备注 |
| 1 | 640589 | 206405898 | 语言库209/504自科库 45排6列5层/ [索取号:H31/W5751] | 在馆 | |
| 2 | 640590 | 206405905 | 语言库209/504自科库 45排6列5层/ [索取号:H31/W5751] | 在馆 | |
| 3 | 640591 | 206405914 | 语言库209/209语言库 87排4列3层/ [索取号:H31/W5751] | 在馆 |